| 000 | 00636nam a2200181Ia 4500 | ||
|---|---|---|---|
| 008 | 100921s9999 xx 000 0 und d | ||
| 082 |
_b32424 _a891.463 न 00 |
||
| 100 | _aभावे पुरूषोत्तम भास्कर. | ||
| 245 | _aव्याध. | ||
| 260 |
_bगीता एजन्सीज्र,सोलापूर. _c2000 |
||
| 300 |
_a144 _bशांती पब्लिकेशन,पुणे |
||
| 365 | _b110 | ||
| 520 | _aललित-कादंबरी. | ||
| 630 | _aव्याध. | ||
| 650 | _aललित-कादंबरी. | ||
| 730 | _aव्याध. | ||
| 942 | _cBOOK | ||
| 999 |
_c781537 _d781534 |
||